000 01165cab a2200229 4500
001 ABS67666
008 040318n2004 000 0 eng u
035 _a(Sirsi) u125480
245 _aRe Pyrke (VO)
260 _c2004
490 _aRating Appeals
_v[2004] RA 318-323(3)
520 _aRA/75/1998,15 September 2003. P appealed against valuation tribunal decision that a seed warehouse was exempt from rates as an agricultural building under the Local Government Finance Act 1988 Sched 5 para 7. "Held" that a seed warehouse occupied by a body corporate whose members were principally farmers' co-operatives and seed growers' associations was not exempt from rates as none of the members occupied agricultural land. View decision at www.landstribunal.gov.uk.
590 _aABS
650 _aRE PYRKE (VO)
650 _aRATING APPEALS
650 _aEXEMPTION
650 _aAGRICULTURAL BUILDINGS
650 _aLOCAL GOVERNMENT FINANCE ACT 1988 SCHED 5 PARA 7
690 _aRATING AND LOCAL TAXATION-CASE LAW
856 _uhttps://www.landstribunal.gov.uk/judgmentfiles/j21/RA-75-98.pdf
_zView the decision on the Lands Tribunal website...
942 _n0
999 _c74281
_d74281